Szczegóły MARC21

Samorząd terytorialny /

003 -Nazwa inst., której nr kontr. jest w polu 001 [,]
    • @
    • Nazwa instytucji, której n kontrolny jest w polu 001
    • NUKAT
005 -DATA I CZAS OSTATNIEJ MODYFIKACJI [,]
    • @
    • pole kontrolne
    • 20241231102505.0
020 -Międzynarod. znormalizowany nr książki - ISBN [ , ]
    • a
    • Numer ISBN
    • 8373330208 Find
040 -Instytucja sporządzająca opis [ , ]
    • a
    • Instytucja, która sporządziła opis (NP)
    • KR 197/RA
    • c
    • Instytucja, która sporządziła rekord (NP)
    • KR 197/RA
    • d
    • Instytucja, która zmodyfikowała rekord (P)
    • KR 197/RA
    • d
    • Instytucja, która zmodyfikowała rekord (P)
    • KR 197/RRs
942 -Rodzaj dokumentu [ , ]
    • c
    • Rodzaj dokumentu
    • Książka
100 -Hasło główne - nazwa osobowa [1, ]
    • a
    • Nazwa osobowa (NP)
    • Dolnicki, Bogdan
    • d
    • Daty biograficzne (NP)
    • (1956- ).
    • 9
    • KHW
    • 20008
245 -Strefa tytułu i oznaczenia odpowiedzialności [1,0]
    • a
    • Tytuł
    • Samorząd terytorialny / Find
    • c
    • Pozostałe elementy strefy tytułu i oznaczenia odpowiedzialności (NP)
    • Bogdan Dolnicki.
250 -Strefa wydania [ , ]
    • a
    • Oznaczenie wydania (NP)
    • Stan prawny na 15 sierpnia 2001 r.
260 -Strefa adresu wydawniczego [ , ]
    • a
    • Miejsce wydania (P)
    • [Kraków] :
    • b
    • Nazwa wydawcy (P)
    • Kantor Wydawniczy Zakamycze,
    • c
    • Data wydania (P)
    • 2001.
300 -Strefa opisu fizycznego [ , ]
    • a
    • Określenie formy książki i/lub objętość (NP)
    • 322, [1] s. :
    • b
    • Oznaczenie ilustracji (NP)
    • il. ;
    • c
    • Format (NP)
    • 24 cm.
336 -Typ zawartości [ , ]
    • a
    • Termin opisujący typ zawartości
    • Tekst
    • b
    • Kod określający zawartość
    • txt
    • 2
    • Źródło (terminu i kodu)
    • rdacontent
337 -Typ mediów [ , ]
    • a
    • Tryb odtwarzania
    • Bez urządzenia pośredniczącego
    • b
    • Kod typu mediów
    • n
    • 2
    • Źródło (terminu i kodu)
    • rdamedia
338 -Typ/rodzaj nośnika [ , ]
    • a
    • Hasło opisujące typ nośnika
    • Wolumin
    • b
    • Kod typu nośnika
    • nc
    • 2
    • Źródło (terminu i kodu)
    • rdacarrier
490 -Strefa serii i książki wielotomowej - forma nie do wyszukiwania [1, ]
    • a
    • Tytuł (P)
    • Seria Akademicka. Podręcznik Find
830 -Hasło dodatkowe serii i opisu książki wielotomowej - tytuł ujednolicony/tytuł [ ,0]
    • a
    • Tytuł ujednolicony/tytuł (NP)
    • Seria Akademicka - Zakamycze
    • 9
    • KHW
    • 732
080 -Uniwersalna Klasyfikacja Dziesiętna [ , ]
    • a
    • Symbol klasyfikacji
    • 342.25(438)"1989/..."
080 -Uniwersalna Klasyfikacja Dziesiętna [ , ]
    • a
    • Symbol klasyfikacji
    • :352/353(438)"1989/..."
650 -Hasło przedmiotowe [ ,7]
    • a
    • Hasło przedmiotowe
    • Samorząd lokalny
    • z
    • Określnik geograficzny
    • Polska.
    • 2
    • Źródło terminu
    • kaba
    • 9
    • KHW
    • 382665
650 -Hasło przedmiotowe [ ,7]
    • a
    • Hasło przedmiotowe
    • Samorząd lokalny
    • z
    • Określnik geograficzny
    • Europa.
    • 2
    • Źródło terminu
    • kaba
    • 9
    • KHW
    • 399785
650 -Hasło przedmiotowe [ ,7]
    • a
    • Hasło przedmiotowe
    • Samorząd lokalny
    • x
    • Określnik rzeczowy
    • prawo
    • z
    • Określnik geograficzny
    • Polska
    • v
    • Określnik formalny
    • podręczniki akademickie.
    • 2
    • Źródło terminu
    • kaba
    • 9
    • KHW
    • 352251
980 -Symbol UKD [ , ]
    • a
    • UKD
    • 342.25:352/353](438)"1989/..."
710 -Hasło dodatkowe - nazwa ciała zbiorowego [2, ]
    • a
    • Nazwa ciała zbiorowego lub nazwa geograficzna jako pierwszy element (NP)
    • Kantor Wydawniczy "Zakamycze".
    • 4
    • Kod relacji
    • pbl
    • 9
    • KHW
    • 69868
920 -ISBN [ , ]
    • a
    • ISBN
    • 83-7333-020-8 Find
Lokalizacja Data inwentaryzacji Status udost. Numer inwentarzowy Sygnatura
BG2002-01-071Z.98171Z.98171
BG2002-01-07-9W.205676W.205676
BG2002-01-07-9W.205677W.205676
BG2002-01-07-9W.205678W.205676
BG2002-01-07-9W.205679W.205676
BG2002-01-07-9W.205680W.205676
BNS2002-01-072F.30722 
BSA2002-01-071SA.10998SA.10998
GW2015-08-31-3GW.1806342
GW2015-08-31-3GW.1807342
GW2015-08-31-3GW.1808342
GW2015-08-31-3GW.1809342
GW2015-08-31-3GW.2342
T2003-03-07-2TM.631TM.631